Testing of carbon black. Determination of fines content and abrasion of pelletized carbon black. (Record no. 73361)

MARC details
000 -LEADER
fixed length control field 00400nam a2200133Ia 4500
245 #0 - TITLE STATEMENT
Title Testing of carbon black. Determination of fines content and abrasion of pelletized carbon black.
260 ## - PUBLICATION, DISTRIBUTION, ETC. (IMPRINT)
Year of publication 1969
500 ## - GENERAL NOTE
General note Standard number: DIN 53 583
650 ## - SUBJECT ADDED ENTRY--TOPICAL TERM
Topical Term Abrasion
650 ## - SUBJECT ADDED ENTRY--TOPICAL TERM
Topical Term Carbon black Pelletized
650 ## - SUBJECT ADDED ENTRY--TOPICAL TERM
Topical Term Fines content
942 ## - ADDED ENTRY ELEMENTS (KOHA)
Koha item type Standards
Holdings
Withdrawn status Lost status Damaged status Not for loan Collection code Home library Current library Date acquired Koha item type
      Standards DIN standards/German Standards RRII Library RRII Library 31/12/2021 Standards